[Event "GER-ch Rapid 48th"]
[Site "Goettingen"]
[Date "2022.09.24"]
[Round "2"]
[White "Tschernatsch, Johannes"]
[Black "Heider, Martin"]
[Result "0-1"]
[WhiteElo "2294"]
[BlackElo "2393"]
[PlyCount "84"]
[EventDate "2022.09.24"]
[EventType "swiss (rapid)"]
[EventRounds "9"]
[EventCountry "GER"]
[SourceTitle "CBM 210 Extra"]
[Source "ChessBase"]
[SourceDate "2022.11.30"]
[SourceVersion "1"]
[SourceVersionDate "2022.11.30"]
[SourceQuality "1"]

1. e4 c5 2. Nf3 d6 3. Bb5+ Nd7 4. a4 Ngf6 5. Nc3 g6 6. a5 Bg7 7. 0-0 0-0 8. Re1 a6 9. Bf1 Nb8 10. d4 cxd4 11. Nxd4 Nc6 12. Nxc6 bxc6 13. Be3 Nd7 14. Qd2 Rb8 15. Na4 c5 16. Ra3 Bb7 17. c3 Re8 18. b4 Qc7 19. Bh6 Nf6 20. Bxg7 Kxg7 21. e5 Ne4 22. Qe3 cxb4 23. cxb4 dxe5 24. f3 Nf6 25. Qxe5 Qxe5 26. Rxe5 Nd5 27. b5 axb5 28. Bxb5 Rec8 29. Re1 Ba8 30. Bd3 e6 31. Be4 Rb5 32. Bxd5 Bxd5 33. Nb6 Rc2 34. Nxd5 Rxd5 35. a6 Rdd2 36. a7 Rxg2+ 37. Kh1 Rxh2+ 38. Kg1 Rcg2+ 39. Kf1 Ra2 40. Kg1 Rxa3 41. Kxh2 Rxa7 42. Kg3 Kf6 0-1

[Event "GER-ch blitz"]
[Site "Magdeburg"]
[Date "2022.08.21"]
[Round "6"]
[White "Heider, Martin"]
[Black "Bluebaum, Matthias"]
[Result "0-1"]
[WhiteElo "2453"]
[BlackElo "2603"]
[PlyCount "61"]
[EventDate "2022.08.21"]
[EventType "tourn (blitz)"]
[EventRounds "29"]
[EventCountry "GER"]
[EventCategory "5"]
[SourceTitle "CBM 210 Extra"]
[Source "ChessBase"]
[SourceDate "2022.11.30"]
[SourceVersion "1"]
[SourceVersionDate "2022.11.30"]
[SourceQuality "1"]

1. Nf3 d5 2. b3 Bg4 3. e3 e6 4. Bb2 Nf6 5. h3 Bh5 6. d3 a5 7. a3 a4 8. b4 c5 9. g4 Bg6 10. bxc5 Bxc5 11. g5 Nh5 12. Be2 h6 13. h4 Nc6 14. Nbd2 d4 15. exd4 Nxd4 16. Nxd4 Bxd4 17. Bxd4 Qxd4 18. Rb1 Nf4 19. Rb4 Qe5 20. Nc4 Qxe2+ 21. Qxe2 Nxe2 22. Kxe2 hxg5 23. Rxb7 gxh4 24. Ne5 Bh5+ 25. f3 g5 26. Rhb1 Kf8 27. Rc7 Kg7 28. Rg1 h3 29. d4 Rac8 30. Rxg5+ Kh6 31. Rxc8 0-1

[Event "GER-ch blitz"]
[Site "Magdeburg"]
[Date "2022.08.21"]
[Round "16"]
[White "Heider, Martin"]
[Black "Dubansky, Marcel"]
[Result "1/2-1/2"]
[WhiteElo "2453"]
[BlackElo "2225"]
[PlyCount "98"]
[EventDate "2022.08.21"]
[EventType "tourn (blitz)"]
[EventRounds "29"]
[EventCountry "GER"]
[EventCategory "5"]
[SourceTitle "CBM 210 Extra"]
[Source "ChessBase"]
[SourceDate "2022.11.30"]
[SourceVersion "1"]
[SourceVersionDate "2022.11.30"]
[SourceQuality "1"]

1. Nf3 Nf6 2. b3 b6 3. g3 Bb7 4. Bg2 c5 5. Bb2 e6 6. 0-0 Be7 7. c4 0-0 8. Nc3 Nc6 9. e3 d5 10. cxd5 exd5 11. d4 Rc8 12. Rc1 Re8 13. Re1 Bf8 14. dxc5 bxc5 15. Na4 Ne4 16. Nd2 Nb4 17. Nxe4 dxe4 18. Ra1 Nd3 19. Re2 c4 20. Bd4 Qa5 21. Nb2 Nxb2 22. Rxb2 Ba3 23. Rc2 c3 24. Qg4 g6 25. Qf4 Re6 26. Bh3 f5 27. Bf1 Bd5 28. Rd1 Bd6 29. Qh4 Be7 30. Qh3 Rec6 31. Qh6 Bf8 32. Qf4 Bf7 33. Rdc1 Ba3 34. Qh6 Bf8 35. Qh4 Bb4 36. Qh6 Bf8 37. Qf4 Ba3 38. Rd1 Bd6 39. Qh6 Bf8 40. Qh4 Qb4 41. Rdc1 Be7 42. Qh6 Bf8 43. Qf4 Bd6 44. Qh4 Be7 45. Qh3 a5 46. Qh6 Bf8 47. Qf4 Bd6 48. Qh6 Bf8 49. Qf4 Bd6 1/2-1/2

[Event "GER-ch blitz"]
[Site "Magdeburg"]
[Date "2022.08.21"]
[Round "14"]
[White "Heider, Martin"]
[Black "Gauglitz, Gernot"]
[Result "1-0"]
[WhiteElo "2453"]
[BlackElo "2371"]
[PlyCount "73"]
[EventDate "2022.08.21"]
[EventType "tourn (blitz)"]
[EventRounds "29"]
[EventCountry "GER"]
[EventCategory "5"]
[SourceTitle "CBM 210 Extra"]
[Source "ChessBase"]
[SourceDate "2022.11.30"]
[SourceVersion "1"]
[SourceVersionDate "2022.11.30"]
[SourceQuality "1"]

1. Nf3 Nf6 2. b3 g6 3. Bb2 Bg7 4. g3 0-0 5. Bg2 c5 6. c4 Nc6 7. 0-0 d6 8. d4 Nd7 9. e3 a6 10. Qe2 Rb8 11. dxc5 Nxc5 12. Bxg7 Kxg7 13. Nc3 Bg4 14. h3 Bf5 15. Rfd1 Ne4 16. Qb2 f6 17. Nxe4 Bxe4 18. Nd4 Nxd4 19. Bxe4 Ne6 20. Bd5 Qd7 21. h4 b5 22. Qa3 Nc7 23. Bg2 b4 24. Qa5 Qc8 25. a3 bxa3 26. Rxa3 h6 27. h5 Qg4 28. Rd4 Qd7 29. hxg6 Ne6 30. Rh4 Nc5 31. b4 Ne6 32. Qh5 Rh8 33. Bh3 Rxb4 34. Qd5 Rb1+ 35. Kg2 Qc7 36. Qxe6 Rb2 37. Qf7# 1-0

[Event "GER-ch blitz"]
[Site "Magdeburg"]
[Date "2022.08.21"]
[Round "23"]
[White "Heider, Martin"]
[Black "Kopylov, Daniel"]
[Result "1/2-1/2"]
[WhiteElo "2453"]
[BlackElo "2355"]
[PlyCount "72"]
[EventDate "2022.08.21"]
[EventType "tourn (blitz)"]
[EventRounds "29"]
[EventCountry "GER"]
[EventCategory "5"]
[SourceTitle "CBM 210 Extra"]
[Source "ChessBase"]
[SourceDate "2022.11.30"]
[SourceVersion "1"]
[SourceVersionDate "2022.11.30"]
[SourceQuality "1"]

1. Nf3 Nf6 2. b3 g6 3. Bb2 Bg7 4. g3 0-0 5. Bg2 c5 6. c4 Nc6 7. 0-0 d6 8. d4 cxd4 9. Nxd4 Bd7 10. Nc2 Rc8 11. Nc3 a6 12. Ne3 Qa5 13. Qd2 Rfe8 14. Rfd1 b5 15. a3 Ne5 16. cxb5 axb5 17. h3 Be6 18. Ncd5 Qxd2 19. Rxd2 Nxd5 20. Nxd5 Bxd5 21. Bxd5 e6 22. Bg2 d5 23. e4 dxe4 24. Bxe4 Red8 25. Rxd8+ Rxd8 26. Kf1 f5 27. Bb7 Rd3 28. Re1 Nf3 29. Bxf3 Bxb2 30. Bc6 Rxb3 31. Rb1 Rc3 32. Rxb2 Rxc6 33. Rxb5 Rc1+ 34. Kg2 Ra1 35. Rb3 Kg7 36. f4 Kf6 1/2-1/2

[Event "GER-ch blitz"]
[Site "Magdeburg"]
[Date "2022.08.21"]
[Round "21"]
[White "Heider, Martin"]
[Black "Voege, Tobias"]
[Result "1-0"]
[WhiteElo "2453"]
[BlackElo "2360"]
[PlyCount "103"]
[EventDate "2022.08.21"]
[EventType "tourn (blitz)"]
[EventRounds "29"]
[EventCountry "GER"]
[EventCategory "5"]
[SourceTitle "CBM 210 Extra"]
[Source "ChessBase"]
[SourceDate "2022.11.30"]
[SourceVersion "1"]
[SourceVersionDate "2022.11.30"]
[SourceQuality "1"]

1. Nf3 c5 2. b3 d5 3. e3 Nc6 4. Bb2 Bg4 5. Bb5 f6 6. h3 Bh5 7. c4 dxc4 8. Bxc4 e5 9. Nc3 Bd6 10. Ne4 Nh6 11. Ng3 Bf7 12. Qe2 0-0 13. 0-0 a6 14. Rfd1 Re8 15. Bxf7+ Nxf7 16. Nf5 Bf8 17. d3 g6 18. Ng3 b5 19. Rac1 Qb6 20. Ne4 Be7 21. d4 cxd4 22. exd4 f5 23. Nc3 e4 24. Nd5 Qb7 25. Ne5 Nfxe5 26. dxe5 Rac8 27. e6 Nb4 28. Rxc8 Qxc8 29. Nxe7+ Rxe7 30. Bf6 Re8 31. e7 Qe6 32. Bh4 h6 33. Qe1 Nd5 34. Qd2 Nxe7 35. Qxh6 f4 36. Qxf4 Nf5 37. Bg5 e3 38. fxe3 Qb6 39. Re1 Ng7 40. Bh6 Nh5 41. Qg4 Kh7 42. Bg5 Qc5 43. Rf1 Qd5 44. Qh4 Re4 45. Bf4 Kg8 46. Qg5 Qxg5 47. Bxg5 Ng3 48. Rd1 Nf5 49. g4 Ng7 50. Rd8+ Kf7 51. Rd7+ Kf8 52. Bh6 1-0

[Event "GER-ch blitz"]
[Site "Magdeburg"]
[Date "2022.08.21"]
[Round "1"]
[White "Krause, Benedict"]
[Black "Heider, Martin"]
[Result "1/2-1/2"]
[WhiteElo "2478"]
[BlackElo "2453"]
[PlyCount "104"]
[EventDate "2022.08.21"]
[EventType "tourn (blitz)"]
[EventRounds "29"]
[EventCountry "GER"]
[EventCategory "5"]
[SourceTitle "CBM 210 Extra"]
[Source "ChessBase"]
[SourceDate "2022.11.30"]
[SourceVersion "1"]
[SourceVersionDate "2022.11.30"]
[SourceQuality "1"]

1. e4 c5 2. Nf3 d6 3. d4 cxd4 4. Nxd4 Nf6 5. Nc3 Nc6 6. Bg5 e6 7. Qd2 a6 8. 0-0-0 Bd7 9. f4 b5 10. Bxf6 gxf6 11. Nxc6 Bxc6 12. f5 Qb6 13. Kb1 Qc5 14. Bd3 h5 15. Qe1 b4 16. Ne2 e5 17. Qh4 Ke7 18. Ng3 Bh6 19. Qxh5 a5 20. Qe2 Be3 21. Bc4 Bd4 22. Qd3 Rag8 23. Ne2 Rxg2 24. Nxd4 exd4 25. Qxd4 Qxd4 26. Rxd4 Rhxh2 27. Rc1 Rd2 28. Rxd2 Rxd2 29. Bd3 Rh2 30. a3 bxa3 31. bxa3 d5 32. exd5 Bxd5 33. Kb2 Kd6 34. Re1 Rf2 35. Kc3 Bc6 36. Rb1 Bd7 37. Rb6+ Ke7 38. Ra6 Bxf5 39. Rxa5 Bxd3 40. cxd3 f5 41. Kd4 Kf6 42. a4 Ra2 43. Ra8 Kg5 44. a5 f4 45. a6 Kf5 46. Rf8 Rxa6 47. Rxf7+ Kg4 48. Ke5 Ra5+ 49. Ke4 Ra4+ 50. d4 Kg3 51. Rg7+ Kf2 52. Rf7 Kg3 1/2-1/2

[Event "GER-ch blitz"]
[Site "Magdeburg"]
[Date "2022.08.21"]
[Round "3"]
[White "Pajeken, Jakob Leon"]
[Black "Heider, Martin"]
[Result "1-0"]
[WhiteElo "2475"]
[BlackElo "2453"]
[PlyCount "67"]
[EventDate "2022.08.21"]
[EventType "tourn (blitz)"]
[EventRounds "29"]
[EventCountry "GER"]
[EventCategory "5"]
[SourceTitle "CBM 210 Extra"]
[Source "ChessBase"]
[SourceDate "2022.11.30"]
[SourceVersion "1"]
[SourceVersionDate "2022.11.30"]
[SourceQuality "1"]

1. d4 Nf6 2. Nf3 e6 3. c4 a6 4. Nc3 d5 5. cxd5 exd5 6. Bg5 Be6 7. e3 Nbd7 8. Bd3 c6 9. h3 Bd6 10. Bf4 Qc7 11. Bxd6 Qxd6 12. 0-0 0-0 13. Rc1 g6 14. Re1 Rfe8 15. Qc2 Nh5 16. Na4 Ng7 17. Nc5 Nxc5 18. dxc5 Qe7 19. Nd4 Qg5 20. f4 Qf6 21. Re2 Bd7 22. Rce1 Re7 23. g4 Rxe3 24. Rxe3 Qxd4 25. Qf2 Rf8 26. Rf3 Qf6 27. Re5 Ne6 28. b4 Nxf4 29. Qe3 g5 30. h4 h6 31. Qd4 Kg7 32. hxg5 hxg5 33. Rxg5+ Ng6 34. Qxf6+ 1-0

[Event "GER-ch blitz"]
[Site "Magdeburg"]
[Date "2022.08.21"]
[Round "20"]
[White "Schneider, Ilja"]
[Black "Heider, Martin"]
[Result "0-1"]
[WhiteElo "2525"]
[BlackElo "2453"]
[PlyCount "76"]
[EventDate "2022.08.21"]
[EventType "tourn (blitz)"]
[EventRounds "29"]
[EventCountry "GER"]
[EventCategory "5"]
[SourceTitle "CBM 210 Extra"]
[Source "ChessBase"]
[SourceDate "2022.11.30"]
[SourceVersion "1"]
[SourceVersionDate "2022.11.30"]
[SourceQuality "1"]

1. e4 c5 2. Nc3 Nc6 3. Bb5 Nd4 4. Nf3 a6 5. Bd3 g6 6. 0-0 Bg7 7. Re1 d6 8. Nxd4 cxd4 9. Ne2 Qb6 10. b3 Nf6 11. Bb2 Nd7 12. c3 dxc3 13. Nxc3 Qd8 14. Bf1 0-0 15. d4 b5 16. a4 b4 17. Nd5 a5 18. Bb5 Bb7 19. Bxd7 Bxd5 20. Bb5 Bb7 21. Rc1 Qb6 22. Qd2 Rac8 23. h4 Rxc1 24. Rxc1 Bxe4 25. Re1 Bd5 26. Qd3 e6 27. Rc1 Bb7 28. h5 Rc8 29. Rxc8+ Bxc8 30. Qe3 Bb7 31. Bc4 Qc6 32. f3 Qc7 33. h6 Bf6 34. d5 Bxb2 35. dxe6 Kf8 36. Kh1 Qe7 37. Qa7 Qh4+ 38. Kg1 Bd4+ 0-1

[Event "Pfalz-ch MT-A 87th"]
[Site "Landau"]
[Date "2018.03.25"]
[Round "3"]
[White "Heider, Martin"]
[Black "Busch, Lorenz"]
[Result "1-0"]
[WhiteElo "2372"]
[BlackElo "2112"]
[PlyCount "43"]
[EventDate "2018.03.23"]
[EventType "tourn"]
[EventRounds "9"]
[EventCountry "GER"]
[SourceTitle "EXT 2019"]
[Source "ChessBase"]
[SourceDate "2018.10.10"]
[SourceVersion "1"]
[SourceVersionDate "2018.10.10"]
[SourceQuality "1"]

1. Nf3 Nf6 2. b3 d5 3. Bb2 Bf5 4. g3 e6 5. Bg2 Bd6 6. 0-0 h6 7. d3 Bh7 8. Nbd2 c6 9. e4 dxe4 10. dxe4 Bb4 11. a3 Be7 12. Qe2 0-0 13. e5 Nfd7 14. Nc4 Qc7 15. Rad1 Rd8 16. Nd4 Nb6 17. Nd6 Nc8 18. Nxf7 Kxf7 19. Nxe6 Qb6 20. Qh5+ Kg8 21. Rxd8+ Bxd8 22. Qe8# 1-0

[Event "Oberliga Sued W 1718"]
[Site "Germany"]
[Date "2017.11.26"]
[Round "5.2"]
[White "Heider, Martin"]
[Black "Dgebuadze, Alexandre"]
[Result "1/2-1/2"]
[WhiteElo "2356"]
[BlackElo "2524"]
[PlyCount "52"]
[EventDate "2017.09.10"]
[EventType "team-tourn"]
[EventRounds "11"]
[EventCountry "GER"]
[SourceTitle "EXT 2019"]
[Source "ChessBase"]
[SourceDate "2018.10.10"]
[SourceVersion "1"]
[SourceVersionDate "2018.10.10"]
[SourceQuality "1"]
[WhiteTeam "Worms"]
[BlackTeam "Remagen"]
[WhiteTeamCountry "GER"]
[BlackTeamCountry "GER"]

1. d4 e6 2. c4 Bb4+ 3. Nd2 Nf6 4. Ngf3 b6 5. a3 Bxd2+ 6. Qxd2 Nc6 7. b4 Bb7 8. e3 Ne7 9. Be2 0-0 10. 0-0 d6 11. Bb2 Ne4 12. Qc2 f5 13. Nd2 Ng6 14. f3 Nxd2 15. Qxd2 Qg5 16. Rf2 a5 17. b5 Rad8 18. Re1 f4 19. Bf1 e5 20. exf4 Nxf4 21. g3 Ne6 22. Bh3 Qg6 23. Bxe6+ Qxe6 24. dxe5 dxe5 25. Qc3 Qf7 26. Rxe5 Rd1+ 1/2-1/2

[Event "Dortmund Sparkassen op-A 45th"]
[Site "Dortmund"]
[Date "2017.07.22"]
[Round "8"]
[White "Bomans, Arno"]
[Black "Heider, Martin"]
[Result "1/2-1/2"]
[WhiteElo "2250"]
[BlackElo "2356"]
[PlyCount "82"]
[EventDate "2017.07.15"]
[EventType "swiss"]
[EventRounds "9"]
[EventCountry "GER"]
[SourceTitle "CBM 179 Extra"]
[Source "ChessBase"]
[SourceDate "2017.08.23"]
[SourceVersion "1"]
[SourceVersionDate "2017.08.23"]
[SourceQuality "1"]

1. e4 c6 2. d4 d5 3. Nd2 dxe4 4. Nxe4 Bf5 5. Ng3 Bg6 6. N1e2 e6 7. Nf4 Qc7 8. Bc4 Nf6 9. 0-0 Bd6 10. Qf3 0-0 11. Nxg6 hxg6 12. Re1 c5 13. dxc5 Bxc5 14. Ne4 Be7 15. Bb3 Nc6 16. c3 Rad8 17. Bf4 Qa5 18. Nxf6+ Bxf6 19. Qg3 Qf5 20. Re2 Rd7 21. Rae1 Na5 22. Bc2 Qh5 23. h3 Nc4 24. Bb3 b5 25. Bxc4 bxc4 26. Be5 Qf5 27. Bxf6 gxf6 28. Re4 Rc8 29. Rf4 Qg5 30. Rg4 Qd2 31. Rxe6 Kg7 32. Ree4 Qxb2 33. Rxc4 Rxc4 34. Rxc4 Qxa2 35. Rc8 Qe6 36. Qb8 Rd1+ 37. Kh2 Qe5+ 38. f4 Qxb8 39. Rxb8 a5 40. Ra8 Rc1 41. Rxa5 Rxc3 1/2-1/2

[Event "Dortmund Sparkassen op-A 45th"]
[Site "Dortmund"]
[Date "2017.07.15"]
[Round "1"]
[White "Heider, Martin"]
[Black "Zachos, Ingo"]
[Result "1-0"]
[WhiteElo "2356"]
[BlackElo "1986"]
[PlyCount "67"]
[EventDate "2017.07.15"]
[EventType "swiss"]
[EventRounds "9"]
[EventCountry "GER"]
[SourceTitle "CBM 179 Extra"]
[Source "ChessBase"]
[SourceDate "2017.08.23"]
[SourceVersion "1"]
[SourceVersionDate "2017.08.23"]
[SourceQuality "1"]

1. d4 Nf6 2. c4 g6 3. Nc3 Bg7 4. e4 d6 5. Nf3 0-0 6. Be2 c5 7. d5 Na6 8. 0-0 Nc7 9. Re1 a6 10. a4 b6 11. Bf1 Bd7 12. e5 Nfe8 13. Bf4 Rb8 14. Qd2 b5 15. Bh6 bxc4 16. Bxg7 Kxg7 17. Re4 dxe5 18. Rh4 Rh8 19. Nxe5 h5 20. Rxc4 Nf6 21. Rxc5 Be8 22. Rd1 Qd6 23. Qd4 Rb7 24. b4 e6 25. Nc4 Qd8 26. Na5 Rb8 27. d6 Ncd5 28. Nxd5 exd5 29. Nc6 Bxc6 30. Rxc6 Qd7 31. Rxa6 Rhe8 32. Bb5 Rxb5 33. axb5 Qxb5 34. d7 1-0

[Event "Rheinland Pfalz op 9th"]
[Site "Lambsheim"]
[Date "2017.06.15"]
[Round "1"]
[White "Heider, Martin"]
[Black "Armbrust, Matthias"]
[Result "1-0"]
[WhiteElo "2360"]
[BlackElo "1799"]
[PlyCount "63"]
[EventDate "2017.06.15"]
[EventType "swiss"]
[EventRounds "7"]
[EventCountry "GER"]
[SourceTitle "CBM 178 Extra"]
[Source "ChessBase"]
[SourceDate "2017.06.22"]
[SourceVersion "1"]
[SourceVersionDate "2017.06.22"]
[SourceQuality "1"]

1. d4 g6 2. c4 Bg7 3. Nc3 d6 4. e4 Nc6 5. Be3 e5 6. d5 Nce7 7. g4 c6 8. h4 Nf6 9. f3 cxd5 10. cxd5 Bd7 11. h5 h6 12. Qd2 g5 13. Nge2 Qa5 14. Ng3 Rc8 15. Nb5 Qxd2+ 16. Kxd2 Bxb5 17. Bxb5+ Kf8 18. Bxa7 Kg8 19. Rhc1 Kh7 20. Bb6 Rhg8 21. a4 Rgf8 22. a5 Rh8 23. Rc7 Rxc7 24. Bxc7 Ne8 25. Rc1 Bf6 26. Bxe8 Rxe8 27. Bxd6 Rd8 28. Bxe7 Bxe7 29. Rc7 Bb4+ 30. Kd3 Bxa5 31. Rxf7+ Kg8 32. Rxb7 1-0

[Event "Untergrombach op 34th"]
[Site "Untergrombach"]
[Date "2017.01.07"]
[Round "7"]
[White "Shishkin, Vadim"]
[Black "Heider, Martin"]
[Result "0-1"]
[WhiteElo "2469"]
[BlackElo "2295"]
[PlyCount "82"]
[EventDate "2017.01.03"]
[EventType "swiss"]
[EventRounds "7"]
[EventCountry "GER"]
[SourceTitle "EXT 2018"]
[Source "ChessBase"]
[SourceDate "2017.10.13"]
[SourceVersion "1"]
[SourceVersionDate "2017.10.13"]
[SourceQuality "1"]

1. d4 Nf6 2. c4 c5 3. d5 g6 4. Nc3 Bg7 5. e4 0-0 6. Bd3 d6 7. h3 e6 8. Nf3 Na6 9. Bg5 h6 10. Be3 Nc7 11. a4 Rb8 12. 0-0 b6 13. Qd2 Kh7 14. dxe6 Nxe6 15. Rad1 Nd7 16. Nb5 Ne5 17. Be2 Bb7 18. Nxd6 Nxf3+ 19. Bxf3 Bc6 20. Nb5 Qxd2 21. Rxd2 a6 22. Nc3 Nd4 23. Bxd4 Bxd4 24. Ne2 Be5 25. b3 Rfe8 26. Rc1 Kg7 27. Rd3 Rbd8 28. Rcd1 Rb8 29. Kf1 b5 30. axb5 axb5 31. g3 bxc4 32. bxc4 Rb4 33. Rc1 Ra8 34. Nf4 Ra2 35. Ne2 Rbb2 36. Re1 Rc2 37. Rc1 Rxc1+ 38. Nxc1 Ra1 39. Rd1 Ba4 40. Re1 Bc3 41. Nd3 Bc2 0-1